000 00563nam a2200181Ia 4500
008 090123s9999 xx 000 0 und d
082 _b20398
100 _aशिरवळकर सुहास
245 _aकथा पौर्णिमा
250 _a1
260 _bगुरु
_ प्रकाशन
_c1989
300 _a219
600 _aशिरवळकर सुहास
630 _aकथा पौर्णिमा
700 _aशिरवळकर सुहास
730 _aकथा पौर्णिमा
942 _cBOOK
999 _c58470
_d58470